000 00442nmm a2200157Ia 4500
008 251105s9999||||xx |||||||||||||||||und||
020 _a9788416995899
041 _aspa
100 _aTrentin, Bruno
245 0 _aLa utopía cotidiana: diarios 1988-1994.
264 _a[Madrid, España] :
_bEl Viejo Topo,
_c2018
300 _a180 páginas
650 _aBiography
856 _uhttps://public.digitaliapublishing.com/a/57763
942 _cCF
999 _c78259
_d78259